| 000 -ლიდერი |
| ფიქსირებული სიგრძის საკონტროლო ველი |
00664nam a22001817a 4500 |
| 003 - საკონტროლო ნომრის იდენტიფიკატორი |
| საკონტროლო ველი |
Ge_BSU |
| 005 - ბოლო ოპერაციის თარიღი და დრო |
| საკონტროლო ველი |
20240613120948.0 |
| 008 - ფიქსირებული სიგრძის მონაცემთა ელემენტები - ზოგადი ინფორმაცია |
| ფიქსირებული სიგრძის საკონტროლო ველი |
240613s1941 ge ||||| |||| 00| 0 geo d |
| 041 ## - ენის კოდი |
| Language code of text/sound track or separate title |
geo |
| 080 ## - უნივერსალური ათობითი კლასიფიკაციის ინდექსი |
| Universal Decimal Classification number |
613(076.5) ნ-19 |
| 100 ## - მთავარი ჩანაწერი - პიროვნების სახელი |
| Personal name |
ნათაძე, გ.მ. |
| 9 (RLIN) |
22416 |
| 245 ## - ცნობა სათაურის შესახებ |
| Title |
ჰიგიენის პრაქტიკული სახელმძღვანელო / |
| Statement of responsibility, etc |
გ.მ. ნათაძე. |
| 264 ## - წარმოების, გამოცემის, დისტრიბუციის და სხვა ცნობები |
| გამოცემის, წარმოების, დისტრიბუციის... ადგილი |
თბ. : |
| გამოცემის, წარმოების, დისტრიბუციის... სახელწოდება |
საქმედგამი, |
| გამოცემის, წარმოების, დისტრიბუციის... თარიღი |
1941. |
| 300 ## - ფიზიკური აღწერა |
| Extent |
136 გვ. : |
| Other physical details |
ილ. და ტაბ. ; |
| Dimensions |
22სმ. |
| 653 ## - INDEX TERM--UNCONTROLLED |
| Uncontrolled term |
ჰიგიენა |
| 653 ## - INDEX TERM--UNCONTROLLED |
| Uncontrolled term |
მედიცინა |
| 942 ## - ADDED ENTRY ELEMENTS (KOHA) |
| Source of classification or shelving scheme |
|
| Koha item type |
წიგნი |